000 02993nam0a2200433 4500
001 RU\NLR\BIBL_A\012706645
005 20220621103508.0
010 _a978-5-9275-3830-0
_930
021 _aRU
_bКН-П-21-062193
_9КН-П-21-4870
035 _a(NLR Aleph) 012706645
035 _a(RuMoRGB)010799231
090 _a12896439
_c12896439
100 _a20220214d2021 k y0rusy50 ca
101 0 _aeng
102 _aRU
105 _aa j 000zy
181 0 _ai
_baxxe
182 0 _an
200 1 _aUser interface development based on Windows Forms class library
_etextbook for students of computer science and programming
_fMikhail E. Abramyan
_gMinistry of science and higher education of the Russian Federation, Southern federal university
203 _aТекст
_bвизуальный
_cнепосредственный
210 _aRostov-on-Don
_aTaganrog
_cSouthern federal university press
_d2021
215 _a277 с.
_cил.
_d20
320 _aБиблиогр.: с. 277 (4 назв.)
330 _aУчебник посвящен разработке графического пользовательского интерфейса на основе библиотеки классов Microsoft Windows Forms, которая является частью платформы. NET Framework начиная с версии 1.0. Учебное пособие представлено в виде подробных описаний 23 проектов, демонстрирующих различные аспекты разработки пользовательского интерфейса для приложений Windows
541 1 _aРазработка пользовательского интерфейса на основе библиотеки классов Windows Forms : учебное пособие для студентов, изучающих информатику и программирование
606 1 _aMICROSOFT WINDOWS FORMS, библиотека стандартных подпрограмм
_jУчебные издания для высших учебных заведений
_2nlr_sh2
_3RU\NLR\AUTH\661456285
606 1 _aПользовательские интерфейсы
_xПроектирование
_jУчебные издания для высших учебных заведений
_2nlr_sh1
_2nlr_sh2
_3RU\NLR\AUTH\661316252
610 0 _aMicrosoft Windows Forms - библиотека стандартных подпрограмм
610 0 _aпользовательский интерфейс
675 _a004.438(075.8)
_v4
686 _aЗ973.2-044-02я73-1
_2rubbk
686 _aЗ973.2-018.2я73-1
_2rubbk
686 1 _aЗ973.2-044-02я73-1
686 1 _aЗ973.23-018.2я73-1
700 1 _aAbramjan
_bM. E.
_cканд. физ.-мат. наук
_f1965-
_gMichail Éduardovič
_3RU\NLR\AUTH\770239067
942 _cBOOK
980 _aNB